Statistics for 500-800 Digits of Pi

Click here to take the quiz!

General Stats

  • This quiz has been taken 161 times
  • The average score is 242 of 300

Answer Stats

Answer% Correct
3
100%
3
100%
6
100%
7
100%
8
100%
9
100%
0
93%
0
93%
0
93%
1
93%
2
93%
2
93%
3
93%
3
93%
3
93%
3
93%
4
93%
4
93%
4
93%
4
93%
4
93%
5
93%
6
93%
6
93%
6
93%
6
93%
6
93%
8
93%
9
93%
9
93%
0
86%
0
86%
0
86%
0
86%
0
86%
0
86%
0
86%
0
86%
0
86%
0
86%
0
86%
1
86%
1
86%
1
86%
1
86%
1
86%
1
86%
1
86%
1
86%
1
86%
1
86%
1
86%
1
86%
1
86%
2
86%
2
86%
2
86%
2
86%
2
86%
2
86%
2
86%
2
86%
2
86%
2
86%
2
86%
2
86%
2
86%
3
86%
3
86%
3
86%
3
86%
3
86%
3
86%
3
86%
3
86%
3
86%
3
86%
3
86%
4
86%
4
86%
4
86%
4
86%
4
86%
4
86%
4
86%
4
86%
5
86%
5
86%
5
86%
5
86%
5
86%
5
86%
5
86%
5
86%
5
86%
6
86%
6
86%
6
86%
6
86%
6
86%
6
86%
6
86%
6
86%
6
86%
6
86%
6
86%
6
86%
6
86%
7
86%
7
86%
7
86%
7
86%
7
86%
7
86%
7
86%
7
86%
7
86%
7
86%
7
86%
7
86%
7
86%
7
86%
7
86%
7
86%
7
86%
7
86%
7
86%
7
86%
7
86%
7
86%
7
86%
7
86%
7
86%
8
86%
8
86%
8
86%
8
86%
8
86%
8
86%
8
86%
8
86%
8
86%
9
86%
9
86%
9
86%
9
86%
9
86%
9
86%
9
86%
9
86%
9
86%
0
79%
0
79%
0
79%
0
79%
0
79%
1
79%
1
79%
1
79%
2
79%
2
79%
2
79%
2
79%
2
79%
2
79%
3
79%
3
79%
3
79%
3
79%
4
79%
4
79%
4
79%
4
79%
4
79%
4
79%
4
79%
5
79%
5
79%
5
79%
5
79%
5
79%
5
79%
5
79%
6
79%
6
79%
6
79%
7
79%
7
79%
7
79%
8
79%
8
79%
8
79%
8
79%
9
79%
9
79%
9
79%
9
79%
9
79%
9
79%
9
79%
0
71%
0
71%
0
71%
0
71%
0
71%
0
71%
0
71%
0
71%
0
71%
0
71%
1
71%
1
71%
1
71%
1
71%
1
71%
1
71%
1
71%
1
71%
1
71%
1
71%
1
71%
1
71%
1
71%
1
71%
1
71%
1
71%
2
71%
2
71%
2
71%
2
71%
2
71%
2
71%
2
71%
2
71%
3
71%
3
71%
3
71%
3
71%
3
71%
3
71%
3
71%
3
71%
4
71%
4
71%
4
71%
4
71%
4
71%
4
71%
4
71%
5
71%
5
71%
5
71%
5
71%
5
71%
5
71%
6
71%
6
71%
6
71%
6
71%
6
71%
6
71%
6
71%
7
71%
7
71%
7
71%
7
71%
7
71%
7
71%
7
71%
7
71%
7
71%
7
71%
8
71%
8
71%
8
71%
8
71%
8
71%
8
71%
8
71%
8
71%
9
71%
9
71%
9
71%
9
71%
9
71%
9
71%
9
71%
9
71%
9
71%
9
71%
9
71%
9
71%
9
71%
9
71%
9
71%
9
71%
9
71%
9
71%
9
71%
9
71%

Score Distribution

Percentile by Number Answered

Percent of People with Each Score

Your Score History

You have not taken this quiz